000 00877nam0a22002651 4500
001 rc\4246484
005 20250612025724.0
021 _aRU
_b[65-53414]
035 _a(NLR Aleph) 008473606
090 _a7945462
_c7945462
100 _a20130416d1965 |||y0rusy50 ca
101 0 _arus
102 _aRU
105 _aab z |||||
200 1 _aКто? Когда? Почему?
_eПроисхождение названий на карте области
210 _aМагадан
_cКн. изд-во
_d1965
215 _a163 с., 1 л. карт.
_cил.
_d14
320 _aБиблиогр.: с. 152-157
607 _aМагаданская область
_xТопонимика
_2psbo
700 1 _aБабкин
_bП.В.
_f1929-
_gПетр Васильевич
801 0 _aRU
_bNLR
_gpsbo
801 1 _aRU
_bELAR
_2rusmarc
852 _aNLR
_j65-1/624
942 _cBOOK
980 _aNB